Viacrozmerné metódy všeobecne

Salvato in:
Dettagli Bibliografici
Autore principale: Vojtková, Mária, 1966-
Natura: Capitolo di libro
Lingua:slovacco
Tags: Aggiungi Tag
Nessun Tag, puoi essere il primo ad aggiungerne!!

MARC

LEADER 00000nla$a2200000$$$4500
001 0136429
005 20240502072528.5
041 0 |a slo 
044 |a SK 
245 1 0 |a Viacrozmerné metódy všeobecne  |c Mária Vojtková 
100 1 |a Vojtková, Mária, 1966-